Essentials of programming languages / (Record no. 62321)

MARC details
000 -LEADER
fixed length control field 00765nam a22002057a 4500
005 - DATE AND TIME OF LATEST TRANSACTION
control field 20120208154611.0
020 ## - INTERNATIONAL STANDARD BOOK NUMBER
International Standard Book Number 8120324668
Terms of availability 275.00
035 ## - SYSTEM CONTROL NUMBER
System control number B-106694
037 ## - SOURCE OF ACQUISITION
Source of stock number/acquisition DPL
082 ## - DEWEY DECIMAL CLASSIFICATION NUMBER
Classification number 005.13
100 ## - MAIN ENTRY--PERSONAL NAME
Personal name Friedman, Daniel P.
245 ## - TITLE STATEMENT
Title Essentials of programming languages /
Statement of responsibility, etc Daniel P. Friedman, Mitchell Wand
260 ## - PUBLICATION, DISTRIBUTION, ETC. (IMPRINT)
Place of publication, distribution, etc New Delhi
Name of publisher, distributor, etc PHI Learning
Date of publication, distribution, etc 2001
270 ## - ADDRESS
Address M97, Connaught Circus
City New Delhi
Postal code 110092
300 ## - PHYSICAL DESCRIPTION
Extent xv, 389p.
Dimensions 24cm
500 ## - GENERAL NOTE
General note Includes bibliographical references and index
700 ## - ADDED ENTRY--PERSONAL NAME
Personal name Wand, Mitchell
9 (RLIN) 1009
942 ## - ADDED ENTRY ELEMENTS (KOHA)
Source of classification or shelving scheme Dewey Decimal Classification
Item type English Books
Classification part 005.13
Call number suffix FRI
Holdings
Withdrawn status Lost status Not for loan Collection code Home library Current library Date acquired Cost, normal purchase price Full call number Barcode Cost, replacement price Koha item type
      Non-fiction Sarojini Nagar Sarojini Nagar 08/02/2012 275.00 005.13 FRI B-106694 275.00 English Books

© Delhi Public Library
Hit Counter
free hit counter